Statistiques concernant Ninho Jefe¤ Paroles

Cliquez ici pour prendre le quiz!

Statistiques générales

  • Ce quiz a été pris 129 fois
  • Le résultat moyen est 256 sur 434

Statistiques - réponses

Répondre% Correct
J'
99%
j'
99%
à
94%
a
94%
t'
93%
l'
92%
d'
91%
s'
90%
la
85%
85%
c'
84%
le
84%
jalousie
82%
m'
82%
on
82%
ai
81%
je
81%
qu'
80%
toujours
79%
être
78%
face
78%
dans
77%
du
76%
top
76%
ou
75%
rêvé
75%
y'
73%
que
72%
jefe
71%
qui
71%
dieu
70%
pour
70%
bon
69%
bénef
68%
fait
68%
de
65%
n'
65%
confort
64%
peu
64%
as-p
63%
pas
63%
sur
63%
sûr
63%
ce
60%
jours
59%
les
58%
sourd
57%
aimé
56%
chose
55%
des
54%
me
54%
bébé
53%
ça
53%
en
52%
un
52%
peux
51%
aimer
50%
est
50%
tous
50%
blouson
49%
dehors
49%
prix
49%
ma
48%
soir
48%
adoucit
47%
changé
47%
juteux
47%
trop
47%
kichta
46%
suis
46%
seule
45%
champs
44%
plans
44%
tout
44%
c'est
43%
irai
43%
mon
43%
pé-ta
43%
plaques
43%
près
43%
trois
43%
trône
43%
croise
42%
dos
42%
four
42%
nuit
42%
sort
42%
aura
41%
cardio
41%
coûte
41%
dormir
41%
parle
41%
arrivera
40%
j'ai
40%
mieux
40%
ils
39%
nique
39%
argent
38%
binks
38%
quelque
38%
elysées
36%
élysées
36%
igo
36%
quand
35%
sont
35%
jamais
34%
méchant
34%
remplis
34%
super
34%
mais
33%
pétard
32%
travaillé
32%
vie
32%
elle
31%
pt-être
30%
rien
30%
éteins
29%
ne
29%
différence
28%
ce-vi
27%
blessés
26%
endormi
26%
faire
26%
gagner
26%
travailler
26%
théâtre
25%
travaillerai
25%
apprendre
24%
cramés
24%
sans
24%
aimait
22%
une
22%
vais
22%
bien
21%
train
21%
changer
19%
chef
19%
voulait
19%
apprends
18%
hey
18%
sauf
16%
destin
15%
oeuvre
14%
après
11%
as-p
11%
bienfaisance
11%
chefs
10%
devient
10%
oh
9%
oui
9%

Distribution des résultats

Percentile par nombre de réponses

% des personnes avec chaque résultat

Votre développement - résultats

Vous n’avez pas pris ce quiz